La magia de las aves de Chingaza / (Registro nro. 19962)

Detalles MARC
000 -CABECERA
Campo de control 01485nam a2200337 a 4500
005 - FECHA Y HORA DE LA ULTIMA TRANSACCION
Campo de control 20171108115611.0
008 - ELEMENTOS DE LONGITUD FIJA—INFORMACION GENERAL
Campo de control 171108s2017 ck ao|||r|||| 00| 0 spa d
020 ## - ISBN
ISBN 9789588426525
040 ## - FUENTE DE CATALOGACIÓN
Agencia catalogadora original CO-BoIAVH
Agencia transcriptora CO-BoIAVH
041 0# - IDIOMA
Código de idioma para texto/pista de sonido o título separado Español
044 ## - PAÍS DE PUBLICACIÓN
País de publicación Colombia
082 04 - NUMERO DE CLASIFICACION DECIMAL DEWEY
Número de clasificación 598.098614
Número del ítem L63m
100 1# - ASIENTO PRINCIPAL--NOMBRE PERSONAL
Nombre personal Linares-Romero, Luis Guillermo
Término relacionado autor
9 (RLIN) 86825
245 13 - MENCION DE TITULO
Título La magia de las aves de Chingaza /
Mención de responsabilidad Luis Guillermo Linares-Romero [y otros 7]
260 ## - PUBLICACION, DISTRIBUCION, ETC. (PIE DE IMPRENTA)
Lugar de publicación, distribución, etc. Bogotá (Colombia) :
Nombre del editor, distribuidor, etc. Parques Nacionales Naturales de Colombia,
Fecha de publicación, distribución, etc. 2017.
300 ## - DESCRIPCION FISICA
Extensión 246 páginas :
Otros detalles físicos ilustraciones a color y fotografías a color ;
Dimensiones 21 x 14 cm.
500 ## - NOTA GENERAL
Nota general Incluye índices de nombre científicos y comunes.
504 ## - NOTA DE BIBLIOGRAFIA, ETC.
Nota de bibliografía Incluye referencias bibliográficas: páginas 236-237.
650 26 - ASIENTO SECUNDARIO DE MATERIA - TERMINO TEMATICO
Término temático o nombre geográfico como elemento de entrada Aves
Subdivisión geográfica Parque Nacional Natural Chingaza (Colombia)
Subdivisión de forma Guías
9 (RLIN) 86826
650 26 - ASIENTO SECUNDARIO DE MATERIA - TERMINO TEMATICO
Término temático o nombre geográfico como elemento de entrada Aves
Subdivisión general Identificación
Subdivisión geográfica Parque Nacional Natural Chingaza (Colombia)
Subdivisión de forma Guías
9 (RLIN) 86827
650 26 - ASIENTO SECUNDARIO DE MATERIA - TERMINO TEMATICO
Término temático o nombre geográfico como elemento de entrada Aves
Subdivisión general Taxonomía
Subdivisión geográfica Parque Nacional Natural Chingaza (Colombia)
Subdivisión de forma Guías
9 (RLIN) 86828
650 24 - ASIENTO SECUNDARIO DE MATERIA - TERMINO TEMATICO
Término temático o nombre geográfico como elemento de entrada Avifauna
Subdivisión geográfica Parque Nacional Natural Chingaza (Colombia)
Subdivisión de forma Guías
9 (RLIN) 86829
700 1# - ASIENTO SECUNDARIO - NOMBRE PERSONAL
Nombre personal Gary Stiles, F.
Término de relación autor
9 (RLIN) 34822
700 1# - ASIENTO SECUNDARIO - NOMBRE PERSONAL
Nombre personal Roselli, Loreta
Término de relación autora
9 (RLIN) 43708
700 1# - ASIENTO SECUNDARIO - NOMBRE PERSONAL
Nombre personal Camargo M.
Término de relación autor
9 (RLIN) 86830
700 1# - ASIENTO SECUNDARIO - NOMBRE PERSONAL
Nombre personal Candil, Jonathan
Término de relación autor
9 (RLIN) 86831
700 1# - ASIENTO SECUNDARIO - NOMBRE PERSONAL
Nombre personal Galindo Tarazona, Robinson
Término de relación autor
9 (RLIN) 86832
700 1# - ASIENTO SECUNDARIO - NOMBRE PERSONAL
Nombre personal Avellaneda, Fredy Enrique
Término de relación autor
9 (RLIN) 86823
700 1# - ASIENTO SECUNDARIO - NOMBRE PERSONAL
Nombre personal Pulido, Ángel Ramiro
Término de relación autor
9 (RLIN) 86824
942 ## - ELEMENTOS ADICIONALES (KOHA)
Sistema de clasificación Dewey Decimal Classification
Tipo de ítem Libro
Existencias
Withdrawn status Lost status Sistema de Clasificación Damaged status No para préstamo Colección Ubicación Permanente Ubicación actual Fecha de adquisición Fuente de Valor Total Checkouts Número topográfico Inventario / Código de Barras Date last seen Date checked out Ejemplar Price effective from Forma de adquisición Tipo de material
    Dewey Decimal Classification     General Bogotá Bogotá 08/11/2017 Parques Nacionales Naturales de Colombia 2 LB-598.098614 L63m 043285 16/09/2019 16/09/2019 Ej. 1 08/11/2017 Donación Libro
    Dewey Decimal Classification     General Bogotá Bogotá 10/05/2018 Parques Nacionales Naturales de Colombia 1 LB-598.098614 L63m 030098 08/01/2019 08/01/2019 Ej. 3 10/05/2018 Donación Libro
    Dewey Decimal Classification     General Sala Fabio Quevedo Sala Fabio Quevedo 08/11/2017 Parques Nacionales Naturales de Colombia   LB-598.098614 L63m 043286 21/11/2017   Ej. 2 08/11/2017 Donación Libro